000 00810nam a22002417a 4500
003 UA-OsUOA
001 39695
007 ta
008 20080516b un ||||| |||| 00| 0 ukr d
100 _aКульчицький С.В.
090 _a930
_bК90
942 _cBR
040 _aUA-OsUOA
_bukr
_cUA-OsUOA
_dUA-OsUOA
245 _aКурс політичної історії України ХХ століття
300 _a49 с.
955 _a1
041 _aukr
080 _a930
260 _aК.
_bІнститут історії України
_c2000
246 3 1 _a(для студентів магістеріуму з порівняльної політології)
650 7 _a930 Історична наука. Допоміжні історичні дисципліни
_2UDC
999 _c438204
_d438204